000 00372 a2200157 4500
001 180497
020 _a
040 _cMagnum
100 _aImenes, Luiz Marcio
240 1 0 _aVivendo a matematica/brincando com numeros
_lpor
245 1 0 _aVivendo a matematica/brincando com numeros
362 0 _a1899
440 1 _aScipione
697 _aMAGNITO: GERAL
942 _cBK
999 _c180497
_d180497